[Event "R1 Blaye-Tournefeuille3"]
[Site "Blaye les mines"]
[Date "2005.02.06"]
[Round "5"]
[White "Jalras, Laurent"]
[Black "Brochet, Thierry"]
[Result "1-0"]
[WhiteElo "1740"]
[BlackElo "1620"]
[EventDate "2005.??.??"]
[PlyCount "117"]

1.e4 c5 2.Nf3 d6 3.d4 cxd4 4.Nxd4 Nf6 5.Nc3 g6 6.Bc4 Bg7 7.f3 O-O 8.Be3 
Nc6 9.Qd2 a6 10.Bb3 Na5 11.g4 Nxb3 12.axb3 Bd7 13.h4 Ne8 14.Bh6 Nc7 15.h5 
Ne6 16.Nxe6 Bxe6 17.Bxg7 Kxg7 18.hxg6 fxg6 19.Qh6+ Kf7 20.Qxh7+ Ke8 21.
Qxg6+ Kd7 22.Ke2 Rf6 23.Qg7 Rf7 24.Qd4 Qg8 25.Nd5 Bxd5 26.Qxd5 Kc7 27.Rh5 
Rc8 28.Rah1 Rcf8 29.Rg5 Rg7 30.Qxg8 Rgxg8 31.Rxg8 Rxg8 32.Rh7 Kd7 33.Ke3 
Ke6 34.c3 Rg5 35.Kf4 Rb5 36.Rh5 Rxb3 37.Rh2 Rb5 38.g5 d5 39.e5 Rc5 40.Rh6+
Kf7 41.Kf5 a5 42.g6+ Kg8 43.Rh7 Rc7 44.e6 b5 45.Rf7 a4 46.Ke5 a3 47.bxa3 
Rxc3 48.Rxe7 Rxa3 49.Rf7 b4 50.Kxd5 Rc3 51.Kd4 Rc8 52.Rb7 b3 53.Ke5 b2 54.
Rxb2 Kg7 55.f4 Rc5+ 56.Kd6 Rf5 57.e7 Kh6 58.e8=Q Kg7 59.Rb7+ 1-0

[Event "R1 Blaye-Tournefeuille3"]
[Site "Blaye les mines"]
[Date "2005.02.06"]
[Round "5"]
[White "Grard, Alain"]
[Black "Treinsoutrot, Victor"]
[Result "0-1"]
[WhiteElo "1610"]
[BlackElo "1290"]
[EventDate "2005.??.??"]
[Annotator " "]
[PlyCount "102"]

1.e4 c5 2.c3 Nf6 3.e5 Nd5 4.d4 cxd4 5.cxd4 e6 6.Nf3 Nc6 7.a3 Qa5+ 8.Bd2 
Bb4 9.Bc4 Nb6 10.Bd3 Bxd2+ 11.Nbxd2 Qd5 12.Nb3 a5 13.Rc1 a4 14.Rc5 Qxb3 
15.Qxb3 axb3 16.Rb5 Nd5 17.Be4 Nce7 18.Rxb3 b6 19.Ng5 h6 20.Nf3 Ba6 21.Bd3
Bxd3 22.Rxd3 Nf4 23.Rb3 Nxg2+ 24.Kf1 Nf4 25.Rxb6 Ned5 26.Rb7 Ke7 27.Ke1 
Rhc8 28.Kd2 Rab8 29.Rxb8 Rxb8 30.b4 d6 31.Kc2 dxe5 32.dxe5 Rc8+ 33.Kb2 Rc3
34.Ne1 Ne2 35.b5 Kd7 36.a4 Kc8 37.Nc2 Kb7 38.a5 Rc5 39.Na3 Nd4 40.Rc1 Rxc1
41.Kxc1 Nc7 42.b6 Nd5 43.Kb2 Ka6 44.Nc4 Nc6 45.Ka3 Nd8 46.Ka4 Nc6 47.Ka3 
Nd8 48.Ka4 Nb7 49.Kb3 Ne7 50.Ka4 Nc6 51.f4 Nbxa5 0-1

[Event "R1 Blaye-Tournefeuille3"]
[Site "Blaye les mines"]
[Date "2005.02.06"]
[Round "5"]
[White "Chapelet, Jonas"]
[Black "Valade, Patrick"]
[Result "1-0"]
[WhiteElo "1340"]
[BlackElo "1600"]
[EventDate "2005.??.??"]
[PlyCount "63"]

1.e4 c5 2.Nc3 Nc6 3.Nf3 d6 4.Bc4 Nf6 5.h3 e6 6.d4 cxd4 7.Nxd4 Ne5 8.Be2 
Be7 9.Bg5 a6 10.Qd2 Qc7 11.O-O-O h6 12.Bf4 Ned7 13.Nb3 b5 14.Bf3 Bb7 15.a3
Rc8 16.Bxd6 Bxd6 17.Qxd6 Qxd6 18.Rxd6 O-O 19.e5 Bxf3 20.exf6 Bxg2 21.Rg1 
Bc6 22.fxg7 Rfe8 23.Rd4 Ne5 24.Ne4 Bxe4 25.Rxe4 Ng6 26.h4 Rc4 27.Nd2 Rc5 
28.Reg4 Rec8 29.c3 f5 30.Rxg6 e5 31.Rxh6 R5c6 32.Rh8+ 1-0

[Event "R1 Blaye-Tournefeuille3"]
[Site "Blaye les mines"]
[Date "2005.02.06"]
[Round "5"]
[White "Arlabosse, Nicolas"]
[Black "Egea, Claude"]
[Result "1/2-1/2"]
[WhiteElo "1820"]
[BlackElo "1650"]
[EventDate "2005.??.??"]
[PlyCount "68"]

1.e4 e5 2.Nf3 Nf6 3.Nxe5 d6 4.Nf3 Nxe4 5.d4 Be7 6.Bd3 d5 7.O-O O-O 8.c4 
Nf6 9.Nc3 Be6 10.Ng5 c6 11.Nxe6 fxe6 12.Qe2 Qd7 13.Re1 Na6 14.Qxe6+ Qxe6 
15.Rxe6 Rae8 16.cxd5 Nc7 17.Re1 Ncxd5 18.Bc4 Kh8 19.Nxd5 Nxd5 20.Bd2 Bf6 
21.Bxd5 cxd5 22.Bc3 Kg8 23.Bb4 Rxe1+ 24.Rxe1 Rc8 25.Bc3 Kf7 26.f4 b5 27.a3
a5 28.Re2 b4 29.axb4 axb4 30.Bxb4 Bxd4+ 31.Kf1 Rc1+ 32.Re1 Rxe1+ 33.Kxe1 
Bxb2 34.Ke2 h5 1/2-1/2

[Event "N4-R5- Cahors / Ceit"]
[Site "?"]
[Date "2005.02.06"]
[Round "?"]
[White "Montreuille, Pierre"]
[Black "Melchy, Julien"]
[Result "1/2-1/2"]
[WhiteElo "1600"]
[BlackElo "1499"]
[EventDate "2005.??.??"]
[PlyCount "110"]

1.Nf3 Nf6 2.b3 d5 3.h3 c5 4.Bb2 Nbd7 5.e3 e6 6.c4 Be7 7.d4 b6 8.Bd3 Bb7 9.
Nbd2 Rc8 10.O-O O-O 11.Re1 Ne4 12.cxd5 exd5 13.Rc1 f5 14.Bb5 Bc6 15.Ba6 
Rc7 16.Qc2 Bd6 17.Ne5 Nxd2 18.Nxc6 Nf3+ 19.gxf3 Rxc6 20.Bb7 Rc7 21.Bxd5+ 
Kh8 22.f4 cxd4 23.Qd3 Rxc1 24.Rxc1 dxe3 25.fxe3 Qe7 26.Rc2 Bc5 27.Re2 Nf6 
28.Bc4 Rd8 29.Qxf5 Rd1+ 30.Kg2 Qe4+ 31.Qxe4 Nxe4 32.Kf3 Nd6 33.Be6 Rg1 34.
a3 a5 35.Rd2 h6 36.f5 Rf1+ 37.Ke2 Rg1 38.f6 Rg2+ 39.Ke1 Rg1+ 40.Ke2 Rg2+ 
41.Kd3 Rxd2+ 42.Kxd2 Ne4+ 43.Kd3 Nxf6 44.e4 Kh7 45.Bc3 Nh5 46.Kc4 Nf4 47.
Bd7 Ne2 48.Bb2 g5 49.b4 axb4 50.axb4 Bf2 51.Bf5+ Kg8 52.Be5 Kf7 53.Kb5 
Nd4+ 54.Ka6 Nxf5 55.exf5 h5 1/2-1/2

[Event "N4-R5- Cahors / Ceit"]
[Site "?"]
[Date "2005.02.06"]
[Round "?"]
[White "Ghoumari, Ahmed"]
[Black "Salvignac, Rémy"]
[Result "0-1"]
[WhiteElo "1499"]
[BlackElo "1610"]
[EventDate "2005.??.??"]
[PlyCount "146"]

1.d4 d5 2.c4 c6 3.Nc3 e6 4.Nf3 Nf6 5.Bg5 Be7 6.e3 Nbd7 7.Bd3 O-O 8.O-O h6 
9.Bf4 dxc4 10.Bxc4 b6 11.Re1 Bb7 12.Qc2 Re8 13.e4 Nh7 14.e5 Ndf8 15.Rad1 
Qc8 16.Ne4 Rd8 17.Nd6 Bxd6 18.exd6 Nf6 19.Qc3 b5 20.Bb3 Nd5 21.Bxd5 cxd5 
22.Qb4 Qc4 23.Qa5 Qa4 24.Qxa4 bxa4 25.Rc1 Ba6 26.Rc7 Bb5 27.Rec1 f6 28.h4 
Nd7 29.h5 Be2 30.Rb7 Ba6 31.Rbc7 Be2 32.R1c3 Kf7 33.Kh2 Bc4 34.Nd2 Be2 35.
f3 g5 36.Bg3 Ba6 37.Kg1 Bb5 38.Kf2 Ke8 39.Nb1 Ba6 40.Na3 Rab8 41.Rc2 Bd3 
42.Rd2 Ba6 43.Rxa7 Rb6 44.Rc7 Rdb8 45.Rcc2 Kd8 46.Nb1 Bc4 47.Nc3 Ra8 48.
Ke1 Ke8 49.f4 g4 50.Rf2 f5 51.Kd2 Rxd6 52.Nxa4 Bxa2 53.Nc5 Nf6 54.Kc1 Bc4 
55.b3 Bb5 56.Rfd2 Rc6 57.Ra2 Rac8 58.b4 Ne4 59.Bh4 Nxd2 60.Kxd2 Bf1 61.Ra7
R6c7 62.Ra5 Kf7 63.Be1 Bxg2 64.Ra6 Rc6 65.Ra7+ R8c7 66.Ra3 Be4 67.Ke3 Rb6 
68.Bc3 g3 69.Ra1 g2 70.Kd2 Rb8 71.Rg1 Ra8 72.Nxe4 dxe4 73.Kc2 Ra3 0-1

[Event "N4-R5- Auch / Lardenne"]
[Site "?"]
[Date "2005.02.06"]
[Round "?"]
[White "Muratet, Lucas"]
[Black "Castera, Sylvain"]
[Result "1-0"]
[WhiteElo "1490"]
[BlackElo "1360"]
[EventDate "2005.??.??"]
[PlyCount "55"]

1.Nf3 Nc6 2.d4 d5 3.c4 Nf6 4.Nc3 e6 5.Bg5 Be7 6.e3 O-O 7.cxd5 exd5 8.Bb5 
Bf5 9.Bxc6 bxc6 10.Ne5 Qd6 11.Bf4 Qe6 12.Qa4 c5 13.O-O c4 14.f3 Bd3 15.
Nxd3 cxd3 16.Rad1 Qf5 17.Bxc7 Rac8 18.Be5 Ra8 19.e4 dxe4 20.fxe4 Qg6 21.
Bxf6 Bxf6 22.Rxd3 Rfd8 23.d5 Bxc3 24.Rxc3 Re8 25.Rfc1 Rxe4 26.Rc8+ Rxc8 
27.Rxc8+ Re8 28.Qxe8# 1-0

[Event "N4-R5- Auch / Lardenne"]
[Site "?"]
[Date "2005.02.06"]
[Round "?"]
[White "Golic, Nadil"]
[Black "Surre, Frédéric"]
[Result "1/2-1/2"]
[WhiteElo "1900"]
[BlackElo "1890"]
[EventDate "2005.??.??"]
[PlyCount "85"]

1.d4 Nf6 2.c4 g6 3.Nc3 Bg7 4.e4 d6 5.Nf3 O-O 6.Be2 e5 7.O-O Nc6 8.d5 Ne7 
9.b4 Nh5 10.Ng5 Nf4 11.Bxf4 exf4 12.Rc1 a5 13.a3 axb4 14.axb4 h6 15.Nf3 c6
16.c5 cxd5 17.Nxd5 dxc5 18.bxc5 Nc6 19.Nb6 Ra5 20.Qb3 Qe7 21.Nxc8 Rxc8 22.
Bc4 Ne5 23.Nxe5 Bxe5 24.Qb6 Raxc5 25.Qxg6+ Kf8 26.Qxh6+ Bg7 27.Qxf4 Rxc4 
28.Rxc4 Rxc4 29.Qb8+ Qe8 30.Qxb7 Rxe4 31.g3 Kg8 32.Qb1 Ra4 33.Re1 Qxe1+ 
34.Qxe1 Ra1 35.Qxa1 Bxa1 36.f4 Kg7 37.Kf2 Kg6 38.g4 Bf6 39.Kg3 Bg7 40.h4 
f6 41.f5+ Kf7 42.g5 fxg5 43.hxg5 1/2-1/2

[Event "N4-R5 - Foix / Colomiers"]
[Site "?"]
[Date "2005.02.06"]
[Round "?"]
[White "Blesing, Alicia"]
[Black "Molet, Patrice"]
[Result "1-0"]
[WhiteElo "1610"]
[BlackElo "1499"]
[EventDate "2005.??.??"]
[PlyCount "99"]

1.e4 d6 2.d4 Nf6 3.Nc3 g6 4.Bc4 Bg7 5.h3 O-O 6.Be3 Nbd7 7.Bb3 b6 8.Qd2 Bb7
9.f3 Rc8 10.Nge2 c5 11.dxc5 Nxc5 12.Bh6 Nxb3 13.axb3 a6 14.Bxg7 Kxg7 15.
Nf4 Qc7 16.O-O Qc5+ 17.Qf2 Qxf2+ 18.Rxf2 b5 19.Ncd5 Rfe8 20.Nb4 Ra8 21.Rd2
g5 22.Nfd5 Nxd5 23.Nxd5 Bxd5 24.Rxd5 Rec8 25.c3 Rc5 26.Rad1 h6 27.Kf2 Rac8
28.b4 R5c6 29.Ke3 f6 30.g3 Kf7 31.f4 Rc4 32.e5 gxf4+ 33.gxf4 fxe5 34.fxe5 
dxe5 35.Rxe5 Rh4 36.Rf1+ Ke8 37.Rf3 Rc6 38.Kf2 Rg6 39.Rfe3 Rf4+ 40.Ke2 Rf7
41.Re6 Rxe6 42.Rxe6 Rf6 43.Rxf6 exf6 44.Kd3 Kd7 45.Ke4 Ke6 46.Kf4 f5 47.b3
h5 48.h4 Kf6 49.c4 Ke6 50.c5 1-0

[Event "N4-R5 - Auch / Lardenne"]
[Site "?"]
[Date "2005.02.06"]
[Round "?"]
[White "Videau, Yannick"]
[Black "Pokee, Anne-Josèphe"]
[Result "1/2-1/2"]
[WhiteElo "1810"]
[BlackElo "1991"]
[EventDate "2005.??.??"]
[PlyCount "132"]

1.e4 e5 2.Nf3 d6 3.d4 exd4 4.Nxd4 Be7 5.Bc4 Nf6 6.Nc3 Nc6 7.Nxc6 bxc6 8.
Qe2 Be6 9.f3 O-O 10.Be3 Bxc4 11.Qxc4 Qd7 12.Rd1 Rfd8 13.O-O Qe8 14.Qe2 Nd7
15.Qf2 Nb6 16.b3 Bf6 17.Bd4 Bxd4 18.Qxd4 Nd7 19.Ne2 Nf6 20.Rfe1 c5 21.Qf2 
a5 22.Nc3 Qc6 23.Qe2 Rab8 24.Rd2 Re8 25.a3 h6 26.Qc4 Nd7 27.Qd5 Qb6 28.
Red1 c4+ 29.Kf1 cxb3 30.cxb3 Nf6 31.Qc4 Qxb3 32.Qxb3 Rxb3 33.Nd5 Nxd5 34.
Rxd5 Rxa3 35.Rc1 Re7 36.Rc6 a4 37.Ra5 Ra2 38.Ra7 a3 39.Rca6 d5 40.Rxa3 
Rxa3 41.Rxa3 dxe4 42.Re3 f5 43.Kf2 Kf7 44.fxe4 fxe4 45.Rc3 Ke6 46.Ke3 Kd5 
47.Rc1 c5 48.Rd1+ Kc6 49.Rc1 g5 50.Ra1 h5 51.Ra6+ Kd5 52.Rh6 h4 53.Rg6 Re5
54.Rg8 Kc4 55.h3 Kc3 56.Rb8 c4 57.Rc8 Kb3 58.Rb8+ Ka4 $4 {Enorme bourde!} 
    ( 58...Kc2 {Les noirs gagnent facilement.} )
59.Rc8 Kb4 60.Kd4 Re7 61.Rxc4+ Kb3 62.Rc3+ Kb2 63.Re3 Rf7 64.Rxe4 Rf2 65.
Rg4 Rf5 66.Kd3 Kb3 1/2-1/2

[Event "N4-R5 - Auch / Lardenne"]
[Site "?"]
[Date "2005.02.06"]
[Round "?"]
[White "Verges, Jean"]
[Black "Viaud, Thierry"]
[Result "1/2-1/2"]
[WhiteElo "1730"]
[BlackElo "1660"]
[EventDate "2005.??.??"]
[PlyCount "134"]

1.Nf3 Nf6 2.d4 d5 3.c4 c6 4.Nc3 e6 5.e3 Nbd7 6.Qc2 Bd6 7.g4 Qa5 8.Bd2 Bb4 
9.g5 Ne4 10.Nxe4 dxe4 11.Qxe4 Bxd2+ 12.Nxd2 Qxg5 13.O-O-O Rb8 14.Be2 g6 
15.Rhg1 Qa5 16.Kb1 Nf6 17.Qf4 Qf5+ 18.Qxf5 exf5 19.h4 Be6 20.b3 Ke7 21.h5 
b5 22.hxg6 fxg6 23.d5 cxd5 24.cxb5 Ne4 25.Nxe4 dxe4 26.Rc1 Rhc8 27.Bc4 Rd8
28.Rh1 h5 29.Rhg1 Bxc4 30.Rxc4 Rb6 31.Rc6 Rxc6 32.bxc6 Kf6 33.c7 Rc8 34.
Rc1 h4 35.b4 Ke7 36.Rc6 Kd7 37.Rxg6 Rxc7 38.Rf6 Rb7 39.Rf7+ Kc6 40.Rf6+ 
Kd7 41.a3 a5 42.Rxf5 axb4 43.axb4 Rxb4+ 44.Kc2 Ra4 45.Rf4 h3 46.Rh4 Ra2+ 
47.Kc3 Rxf2 48.Rxh3 Rf3 49.Rh7+ Kd6 50.Kd4 Rf6 51.Kxe4 Re6+ 52.Kd4 Re5 53.
Rh6+ Re6 54.Rh5 
    ( 54.Rxe6+ Kxe6 55.Ke4 {Les blancs sont gagnants!!} )
54...Rg6 55.e4 Ke6 56.Ra5 Rg4 57.Ra6+ Kf7 58.Kd5 Rg5+ 59.e5 Ke7 60.Ra7+ 
Ke8 61.Ke6 
    ( 61.Kd6 {Les blancs sont encore gagnants!!} )
61...Rg6+ 62.Kf5 Rb6 63.e6 Rb1 64.Ra5 Rf1+ 65.Ke5 Re1+ 66.Kd6 Rd1+ 67.Kc6 
Ke7 1/2-1/2

[Event "N4-R5 - Auch / Lardenne"]
[Site "?"]
[Date "2005.02.06"]
[Round "?"]
[White "Parpinel, Mario"]
[Black "Devecchi, Jorge"]
[Result "0-1"]
[WhiteElo "1770"]
[BlackElo "1740"]
[EventDate "2005.??.??"]
[PlyCount "54"]

1.e4 e5 2.f4 exf4 3.Nf3 Be7 4.Bc4 Bh4+ 5.Kf1 d6 6.d3 Bg4 7.Nc3 Nc6 8.Bb5 
Ne7 9.Bxf4 O-O 10.Qd2 Bxf3 11.gxf3 Nd4 12.Qg2 Ng6 13.Be3 Qf6 14.Bxd4 Qxd4 
15.Rg1 Nf4 16.Qd2 c6 17.Bc4 b5 18.Bb3 Rae8 19.Rg4 Nh3 20.Nd1 h5 21.Rg2 Qf6
22.Qc3 Qxf3+ 23.Nf2 Bf6 24.d4 Qxc3 25.bxc3 Nxf2 26.Kxf2 Rxe4 27.Re1 Bh4+ 
0-1

[Event "N4, Rodez-CastelMoissac"]
[Site "?"]
[Date "2005.02.06"]
[Round "?"]
[White "Prieur, Axel"]
[Black "Cremers, Bertrand"]
[Result "0-1"]
[WhiteElo "1580"]
[BlackElo "1570"]
[EventDate "2005.??.??"]
[PlyCount "188"]

1.e4 c5 2.Ne2 d6 3.d4 cxd4 4.Nxd4 Nf6 5.Nc3 Nc6 6.Bb5 Bd7 7.O-O e5 8.Nf3 
Be7 9.Bg5 Qc7 10.Bxf6 Bxf6 11.Nd5 Qb8 12.Nxf6+ gxf6 13.Nh4 a6 14.Bc4 Qc7 
15.Qh5 O-O-O 16.c3 Be6 17.Bd5 Rdg8 18.Nf5 Rg5 19.Qf3 Rhg8 20.Bxe6+ fxe6 
21.Nh4 Qg7 22.g3 Ne7 23.Rad1 Kd7 24.c4 Rg4 25.Kh1 Nc6 26.c5 Nd4 27.Rxd4 
exd4 28.h3 Rxh4 29.gxh4 dxc5 30.e5 fxe5 31.Qxb7+ Ke8 32.Qc8+ Kf7 33.Qb7+ 
Kf6 34.Qf3+ Ke7 35.Qb7+ Kd8 36.Qb8+ Kd7 37.Qb7+ Kd6 38.Qf3 Rf8 39.Qb3 Rg8 
40.Qf3 Rb8 41.Qd3 Qb7+ 42.Kh2 Qb5 43.Qb1 Qxb2 44.Qxh7 Qxa2 45.Qa7 Rb2 46.
Kg3 c4 47.Qa8 Qb3+ 48.f3 Qb6 49.h5 c3 50.h6 Qb7 51.Qg8 Qb5 52.Qd8+ Qd7 53.
Qg8 Qb5 54.Qf8+ Kd5 55.Re1 Qb8 56.Qg7 e4+ 57.f4 Rb7 58.Qg6 e3 59.Kf3 Kc4 
60.Qxe6+ Kc5 61.Qf6 Qa8 62.Ke2 Rb2+ 63.Kd1 Qf3+ 64.Kc1 Qe4 65.Qf8+ Kc4 66.
Qc8+ Kb3 67.Qb8+ Ka3 68.Qf8+ Ka2 69.Qf7+ Rb3 70.Re2+ Ka3 71.Qf8+ Ka4 72.
Ra2+ Kb5 73.Qb8+ Kc4 74.Qc7+ Kd3 75.Rh2 e2 76.Rxe2 Qxe2 77.Qh7+ Ke3 78.
Qe7+ Kd3 79.Qh7+ Ke3 80.Qe7+ Kd3 81.Qxe2+ Kxe2 82.h7 Rb8 83.h4 Rh8 84.f5 
Rxh7 85.Kc2 Rf7 86.f6 Rxf6 87.Kc1 Rh6 88.Kc2 d3+ 89.Kb3 d2 90.Kc4 d1=Q 91.
h5 Rxh5 92.Kb4 c2 93.Kb3 c1=Q+ 94.Ka2 Ra5# 0-1

[Event "N4 -R5- Auch / Lardenne"]
[Site "?"]
[Date "2005.02.06"]
[Round "?"]
[White "Rouede, Gilbert"]
[Black "Reynes, Philippe"]
[Result "1-0"]
[WhiteElo "1842"]
[BlackElo "1790"]
[EventDate "2005.??.??"]
[PlyCount "47"]

1.e4 e6 2.d4 d5 3.Nd2 dxe4 4.Nxe4 Nd7 5.Nf3 Ngf6 6.Bd3 Be7 7.O-O Nxe4 8.
Bxe4 Nf6 9.Bd3 O-O 10.Re1 b6 11.Bf4 Bb7 12.c3 c5 13.dxc5 bxc5 14.Qe2 Qb6 
15.Ne5 Rfd8 16.Bg5 Qc7 17.Rad1 a5 18.Nxf7 Kxf7 
    ( 18...Qc6 19.Be4 Qxe4 
        ( 19...Nxe4 20.Nxd8 Nxc3 21.Nxc6 Nxe2+ 22.Rxe2 Bxg5 23.Rxe6 $18 )
    20.Qxe4 Rxd1 21.Nh6+ Kf8 22.Qxe6 Rxe1+ 23.Qxe1 gxh6 24.Bxf6 Bxf6 25.
    Qe3 Be7 26.Qxh6+ {Les blancs ont un avantage.} )
19.Qxe6+ Kf8 20.Bc4 Bd5 21.Bxd5 Nxd5 22.Rxd5 Bxg5 23.Rxg5 Re8 24.Rf5+ 1-0

[Event "N4 - R5 - Auch / Lardenne"]
[Site "?"]
[Date "2005.02.06"]
[Round "?"]
[White "Pokee, Michèle"]
[Black "Charifi, Ali"]
[Result "0-1"]
[WhiteElo "1360"]
[BlackElo "1499"]
[EventDate "2005.??.??"]
[PlyCount "72"]

1.e4 d5 2.exd5 Qxd5 3.Nc3 Qd8 4.Bc4 Nf6 5.Nf3 e6 6.O-O Nc6 7.h3 Be7 8.Re1 
O-O 9.d3 Na5 10.Bb3 Nxb3 11.axb3 b6 12.Bf4 a6 13.Ne5 Bb7 14.Re3 Nd5 15.
Nxd5 Qxd5 16.Nf3 Bd6 17.Bxd6 cxd6 18.Qe2 a5 19.Ra4 Rfc8 20.Rd4 Qc5 21.Rc4 
Qh5 22.Rxc8+ Rxc8 23.Nd4 Qxe2 24.Rxe2 Ba6 25.c4 Rc5 26.Nf3 Bb7 27.Nd4 Kf8 
28.Nb5 Ke7 29.d4 Rg5 30.f3 Bxf3 31.Rf2 Bc6 32.Na7 Bd7 33.Re2 Rg3 34.d5 
Rxb3 35.dxe6 fxe6 36.Rd2 a4 0-1

[Event "N4 - R5 - Auch / Lardenne"]
[Site "?"]
[Date "2005.02.06"]
[Round "?"]
[White "Dorleac, Joël"]
[Black "Bougoin, Blaise"]
[Result "1-0"]
[WhiteElo "1580"]
[BlackElo "1550"]
[EventDate "2005.??.??"]
[PlyCount "99"]

1.d4 d5 2.c4 e6 3.Nc3 c6 4.e4 Bb4 5.cxd5 exd5 6.e5 Bf5 7.Bd3 Bg6 8.Bxg6 
hxg6 9.Nf3 f6 10.O-O Qc7 11.Re1 Be7 12.Qd3 f5 13.Bg5 Nd7 14.Bxe7 Nxe7 15.
Ng5 Nf8 16.Na4 O-O-O 17.Nf7 Nh7 18.Nxd8 Qxd8 19.f4 g5 20.Qg3 gxf4 21.Qxf4 
g5 22.Qg3 Qg8 23.b4 Nf8 24.b5 Ne6 25.bxc6 bxc6 26.Qd3 Qh7 27.Qa6+ Kd8 28.
h3 g4 29.Rab1 Ke8 30.Rb8+ Kf7 31.Rxh8 Qxh8 32.Qf1 gxh3 33.gxh3 Nxd4 34.Nc5
Qh5 35.e6+ Kg6 36.Qg2+ Qg5 37.Qxg5+ Kxg5 38.Rb1 Kf6 39.Rb7 Nxe6 40.Nxe6 
Kxe6 41.h4 d4 42.h5 d3 43.Kf1 f4 44.h6 f3 45.Rb3 d2 46.Rd3 Nf5 47.h7 d1=Q+
48.Rxd1 Ne3+ 49.Kf2 Nxd1+ 50.Kxf3 1-0

[Event "N4B5M1 CASTRES/MONTAUBAN"]
[Site "?"]
[Date "2005.02.06"]
[Round "5"]
[White "Sandel, Frieder"]
[Black "Ravon, Michel"]
[Result "0-1"]
[WhiteElo "1510"]
[BlackElo "1640"]
[PlyCount "106"]

1.e4 c6 2.Nf3 d5 3.exd5 cxd5 4.d4 g6 5.Nc3 Bg7 6.Bf4 a6 7.Bd3 Nc6 8.O-O 
Bg4 9.Be2 e6 10.Ne5 Bxe2 11.Nxe2 Nge7 12.c3 O-O 13.a4 Nxe5 14.dxe5 Nc6 15.
Re1 Bxe5 16.Bxe5 Nxe5 17.Nf4 Nc6 18.Qd3 Qg5 19.Qe3 Rfe8 20.Rad1 Rad8 21.g3
Qe7 22.b4 Rd7 23.Qb6 Qd8 24.Qc5 Ne7 25.a5 Nf5 26.f3 Rc7 27.Qb6 Qc8 28.Nxd5
Rc6 29.Nf6+ Kf8 30.Qf2 Rd8 31.Rxd8+ Qxd8 32.Qc2 Rd6 33.Nxh7+ Kg7 34.Ng5 
Qxg5 35.c4 Nd4 36.Qc3 Qf6 37.Kg2 e5 38.Re4 Qe6 39.f4 f6 40.c5 Rd7 41.Qe3 
Nf5 42.Qe2 Qd5 43.Kh3 Rd8 44.fxe5 fxe5 45.Rxe5 Rh8+ 46.Kg4 Qd7 47.Kf4 Rf8 
48.Qb2 Kh7 49.Ke4 Qc6+ 50.Kd3 Rd8+ 51.Kc4 Rd4+ 52.Kb3 Qb5 53.Ka3 Rd3+ 0-1

[Event "N4B5M1 CASTRES/MONTAUBAN"]
[Site "?"]
[Date "2005.02.06"]
[Round "5"]
[White "Le Ligeour, Yann"]
[Black "Ginouillac , Philippe"]
[Result "1-0"]
[WhiteElo "1610"]
[BlackElo "1499"]
[PlyCount "121"]

1.e4 d5 2.exd5 Qxd5 3.Nc3 Qa5 4.d4 Nf6 5.Bd3 Bf5 6.Nf3 e6 7.a3 c6 8.O-O 
Bg4 9.h3 Bh5 10.Bf4 Qb6 11.Na4 Qd8 12.Be2 Nbd7 13.b4 Be7 14.Ne5 Bxe2 15.
Qxe2 O-O 16.Nc5 Bxc5 17.dxc5 Nd5 18.Bg3 Qe7 19.Qc4 a6 20.Rad1 Rad8 21.Nxd7
Qxd7 22.Qb3 Qc8 23.c4 Ne7 24.Bd6 Rfe8 25.Rd2 Ng6 26.Rfd1 f6 27.Qg3 e5 28.
a4 Nf4 29.Qb3 Ne6 30.b5 Nd4 31.Qb1 Qa8 32.Rb2 a5 33.bxc6 bxc6 34.Rb7 Ne6 
35.Qb6 Nxc5 36.Ra7 Nxa4 37.Qc7 Qxa7 38.Qxa7 Ra8 39.Qb7 Nc3 40.Rd3 Ne2+ 41.
Kh2 Nd4 42.Rg3 Nf5 43.Rd3 Nd4 44.Bc5 a4 45.Bxd4 exd4 46.Rxd4 Red8 47.Rxd8+
Rxd8 48.Qxc6 a3 49.Qa4 Rc8 50.Qxa3 h6 51.c5 Kf7 52.Qe3 Rc6 53.Kg3 g5 54.
Kg4 Re6 55.Qb3 Ke7 56.Qb7+ Ke8 57.c6 Re4+ 58.Kf5 Rc4 59.c7 Kd7 60.c8=Q+ 
Kd6 61.Qbd7# 1-0

[Event "N4B5M1 CASTRES/MONTAUBAN"]
[Site "?"]
[Date "2005.02.06"]
[Round "5"]
[White "Hoareau, Nicolas"]
[Black "Kousnetsoff, Dimitri"]
[Result "1-0"]
[WhiteElo "1910"]
[BlackElo "2070"]
[PlyCount "63"]

1.d4 Nf6 2.Nf3 c5 3.e3 e6 4.Bd3 d5 5.c3 Nbd7 6.Nbd2 b6 7.e4 dxe4 8.Nxe4 
Bb7 9.Qe2 Be7 10.O-O O-O 11.Re1 Qc7 12.Neg5 Bd6 13.Ne5 Rae8 14.Bb5 g6 15.
Ngf3 Re7 16.Bg5 a6 17.Bxd7 Nxd7 18.Bxe7 Bxe7 19.Nxd7 Qxd7 20.Rad1 Qc6 21.
d5 Qa4 22.b3 Qf4 23.dxe6 Bd6 24.exf7+ Rxf7 25.Qe6 Bxf3 26.Rxd6 Qg5 27.Qe8+
Rf8 28.Qe6+ Rf7 29.g3 Bg4 30.Qd5 Bf5 31.f4 Qg4 32.Re7 1-0

[Event "N4B5M1 CASTRES/MONTAUBAN"]
[Site "?"]
[Date "2005.02.06"]
[Round "5"]
[White "Gilabert"]
[Black "Buiten, Herman"]
[Result "1/2-1/2"]
[WhiteElo "1680"]
[BlackElo "1620"]
[PlyCount "87"]

1.f4 c5 2.Nf3 Nc6 3.c4 g6 4.Nc3 Nf6 5.e3 Bg7 6.a3 O-O 7.Qc2 e6 8.d4 cxd4 
9.exd4 d5 10.c5 b6 11.Bd3 bxc5 12.dxc5 Nd7 13.Na4 Qe7 14.O-O Nd4 15.Nxd4 
Bxd4+ 16.Kh1 Nxc5 17.Nxc5 Qxc5 18.Qxc5 Bxc5 19.b4 Bd4 20.Rb1 a6 21.Bb2 
Bxb2 22.Rxb2 Bd7 23.Rc2 Rab8 24.Rc5 Bb5 25.Rd1 Rb6 26.Kg1 Rfb8 27.Kf2 Bxd3
28.Rxd3 Rb5 29.Rc6 a5 30.bxa5 Rxa5 31.Rcc3 Rb2+ 32.Kg3 Ra4 33.Rc8+ Kg7 34.
Rcc3 Ra2 35.Kf3 h5 36.h4 Ra1 37.g3 Kf6 38.Rb3 Re4 39.Rb7 Ree1 40.Rd7 Ra2 
41.Rb3 Rc1 42.Ra7 Rac2 43.Rbb7 Rc3+ 44.Kg2 1/2-1/2

[Event "N4B5M1 CASTRES/MONTAUBAN"]
[Site "?"]
[Date "2005.02.06"]
[Round "5"]
[White "De Jong, Arjen"]
[Black "Martinez, Loic"]
[Result "1/2-1/2"]
[WhiteElo "1780"]
[BlackElo "1910"]
[PlyCount "89"]

1.e4 e5 2.Nf3 Nc6 3.Bb5 a6 4.Ba4 Nf6 5.O-O Be7 6.Re1 d6 7.c3 Bg4 8.h3 Bh5 
9.d3 O-O 10.Nbd2 Nd7 11.Nf1 Nc5 12.Bc2 Bh4 13.g3 Be7 14.N1h2 Qd7 15.Kg2 
Ne6 16.h4 f6 17.Be3 Kh8 18.Qd2 Rad8 19.Rad1 d5 20.exd5 Qxd5 21.Bb3 Qd7 22.
Qc2 f5 23.Bxe6 Qxe6 24.Bg5 Bxg5 25.Nxg5 Bxd1 26.Rxd1 Qd5+ 27.Kg1 h6 28.Nh3
Qxa2 29.f4 e4 30.d4 Rd5 31.Nf1 Rb5 32.Rd2 Na5 33.Ne3 Qa1+ 34.Kg2 Qa2 35.
Nf2 Rf6 36.c4 Rb3 37.Nfd1 g6 38.Nc3 Rxc3 39.Qxc3 Kh7 40.Nd5 Rf7 41.Rc2 Nb3
42.Ne3 Rd7 43.d5 c5 44.Qf6 Nd4 45.h5 1/2-1/2

[Event "N4B5M1 CASTRES/MONTAUBAN"]
[Site "?"]
[Date "2005.02.06"]
[Round "5"]
[White "Cazals, Philippe"]
[Black "Nougayrede, Jean-Louis"]
[Result "1/2-1/2"]
[WhiteElo "1860"]
[BlackElo "1740"]
[PlyCount "49"]

1.d4 d5 2.Nf3 g6 3.g3 Bg7 4.Bg2 Nf6 5.O-O O-O 6.c3 c6 7.Re1 Nbd7 8.Nbd2 
Nb6 9.b3 Re8 10.Ne5 Nfd7 11.Ndf3 f6 12.Nxd7 Nxd7 13.Bb2 Qc7 14.Qd2 e5 15.
dxe5 Nxe5 16.Nxe5 fxe5 17.e3 Be6 18.Rac1 Rad8 19.Qc2 b5 20.h3 e4 21.Re2 
Qc8 22.Kh2 Be5 23.Rd2 Qc7 24.Rcd1 a6 25.Ba1 1/2-1/2

[Event "N4-R5- CASTRES/MONTAUBAN"]
[Site "?"]
[Date "2005.02.06"]
[Round "?"]
[White "Pantioukhine, Slava"]
[Black "Canivet, Christophe"]
[Result "0-1"]
[WhiteElo "2260"]
[BlackElo "1954"]
[PlyCount "160"]

1.a4 Nf6 2.f4 d5 3.g3 Nc6 4.Bg2 Bf5 5.d3 Qd7 6.Na3 e5 7.fxe5 Nxe5 8.Nb5 a6
9.Nd4 Be6 10.Nxe6 fxe6 11.Nf3 Nxf3+ 12.exf3 e5 13.Qe2 Bd6 14.O-O O-O 15.c4
c6 16.Be3 Rae8 17.Qd2 dxc4 18.dxc4 Bc5 19.Qf2 Ng4 20.Bh3 Bxe3 21.Qxe3 Nxe3
22.Bxd7 Re7 23.Rfe1 Nc2 24.Bg4 Nxa1 25.Rxa1 Rd8 26.Bf5 Rd2 27.Rb1 g6 28.
Be4 Red7 29.b4 Rd1+ 30.Rxd1 Rxd1+ 31.Kg2 Rd4 32.b5 axb5 33.axb5 Kf8 34.
bxc6 bxc6 35.Bxc6 Rxc4 36.Be4 Ke7 37.h4 Kf6 38.g4 h6 39.Kf2 g5 40.hxg5+ 
Kxg5 41.Kg3 Rc3 42.Bd5 h5 43.gxh5 Kxh5 44.Be4 Kg5 45.Bd5 Rc7 46.Be4 Kf6 
47.Bd5 Rg7+ 48.Kf2 Kf5 49.Ke3 Ra7 50.Be4+ Ke6 51.Kf2 Kd6 52.Kg3 Kc5 53.Kg4
Kd4 54.Kf5 Rf7+ 55.Ke6 Ra7 56.Kf5 Rc7 57.Ke6 Rc1 58.Kd6 Re1 59.Bb7 Rh1 60.
Ke6 Rh5 61.Be4 Ke3 62.Kd5 Kf4 63.Kd6 Rh6+ 64.Kd5 Ra6 65.Kc5 Ra4 66.Bb7 Rd4
67.Bd5 Ra4 68.Bb7 Ra5+ 69.Kd6 Ra7 70.Be4 Ra6+ 71.Kc5 Ra1 72.Kd6 Rd1+ 73.
Ke6 Rd4 74.Bb7 Rb4 75.Ba8 Rb6+ 76.Kd5 Ra6 77.Bb7 Ra7 78.Bc6 Ra3 79.Kd6 Ra6
80.Kc5 Rxc6+ 0-1

[Event "N4-R5- Tournefeuille / Albi"]
[Site "?"]
[Date "2005.02.11"]
[Round "?"]
[White "Fabre, Philippe"]
[Black "Tarayre, Pascal"]
[Result "1/2-1/2"]
[WhiteElo "1740"]
[BlackElo "1865"]
[EventDate "2005.??.??"]
[PlyCount "86"]

1.e4 c5 2.Nf3 d6 3.d4 cxd4 4.Nxd4 Nf6 5.Nc3 g6 6.Be3 Bg7 7.f3 O-O 8.Bc4 
Nc6 9.Qd2 Bd7 10.O-O-O Qa5 11.Kb1 Rfc8 12.Bb3 Ne5 13.h4 Nc4 14.Bxc4 Rxc4 
15.Nde2 Rac8 16.Bg5 Be6 17.g4 b5 18.Nd5 Qxd2 19.Rxd2 Bxd5 20.exd5 R4c5 21.
Rhd1 h6 22.Be3 R5c7 23.Bd4 a6 24.Ng3 Nd7 25.Bxg7 Kxg7 26.f4 Rc4 27.Rf2 Nf6
28.g5 Ne4 29.Nxe4 Rxe4 30.c3 Rcc4 31.Rdf1 e6 32.dxe6 fxe6 33.Kc2 Re3 34.
Rh1 Rce4 35.Kd2 Rg3 36.gxh6+ Kxh6 37.h5 gxh5 38.Rfh2 Rxf4 39.Rxh5+ Kg7 40.
Rh7+ Kf6 41.R1h2 Rfg4 42.Rf2+ Ke5 43.Re2+ Kd5 1/2-1/2